Movie Pictures Starting with F - Statistics

General Stats
  • This quiz has been taken 99 times
    10 since last reset
  • The average score is 15 of 29
Answer Stats
Picture Answer % Correct
Fight Club
100%
Finding Dory
100%
Finding Nemo
100%
Forrest Gump
100%
Frozen
100%
The Fast and the Furious
100%
Fantastic Mr Fox
89%
Five Nights at Freddy's
89%
Fantastic Beasts and Where to Find Them
78%
Ferris Buellers day Off
78%
Fifty Shades of Grey
67%
Flushed Away
67%
Free Guy
67%
Friends With Benefits
67%
The Fox and the Hound
67%
Ford v Ferrari
56%
Final Destination
44%
The Fifth Element
44%
The Fall Guy
33%
First Blood
22%
Fly Me to the Moon
11%
Friday the 13th
11%
The Faculty
11%
Fear Street 1994
0%
Fire Ice and Dynamite
0%
First Daughter
0%
First Sunday
0%
Four Brothers
0%
Funny Face
0%
No matching quizzes found
Score Distribution
Percent of People with Each Score
Percentile by Number Answered
Your Score History
You have not taken this quiz since the last reset